00523nam a22001457a 4500003000400000005001700004008004100021040001400062100002200076245011200098260000900210300002900219500009500248504003400343OSt20171010095508.0120810t xxu||||| |||| 00| 0 eng d aMMSUcULS aPojas, Elvira C.  aMutilation and theft of library materials in college and university libraries in Region IcElvira C. Pojas  c1990 axxx, 243 leaves c28 cm. aThesis (Master in Library Science) -- University of the Philippines, Diliman, Quezon City  aBibliography: leaves 221-227